<?xml version="1.0" encoding="UTF-8"?>
<resp>
  <nextPage>https://data.bn.org.pl/api/networks/bibs.marcxml?marc=001+b1000000787301&amp;sinceId=1000000787302</nextPage>
  <collection>
    <record xmlns='http://www.loc.gov/MARC21/slim'><leader>02535nem a2200733 i 4500</leader><controlfield tag='001'>b1000000787301</controlfield><controlfield tag='005'>20250226044754.7</controlfield><controlfield tag='007'>aj#canzn</controlfield><controlfield tag='008'>201012s2020    pl agz    a  |  0   pol c</controlfield><controlfield tag='009'>9911572737205606</controlfield><datafield ind1=' ' ind2=' ' tag='020'><subfield code='a'>9788366493162</subfield></datafield><datafield ind1='1' ind2=' ' tag='034'><subfield code='a'>a</subfield><subfield code='b'>25000</subfield></datafield><datafield ind1=' ' ind2=' ' tag='035'><subfield code='a'>(OCoLC)1241633735</subfield></datafield><datafield ind1=' ' ind2=' ' tag='035'><subfield code='a'>(PL)b1000000787301</subfield></datafield><datafield ind1=' ' ind2=' ' tag='040'><subfield code='a'>WA N</subfield><subfield code='c'>WA N</subfield><subfield code='d'>WA N</subfield></datafield><datafield ind1='0' ind2=' ' tag='045'><subfield code='b'>d2020</subfield></datafield><datafield ind1=' ' ind2=' ' tag='046'><subfield code='k'>2020</subfield></datafield><datafield ind1=' ' ind2=' ' tag='080'><subfield code='a'>912(438:2)(084.3)</subfield></datafield><datafield ind1='0' ind2='0' tag='245'><subfield code='a'>Góry Bardzkie :</subfield><subfield code='b'>skala 1:25 000 /</subfield><subfield code='c'>redakcja Studio PLAN Anna Dębska ; kartografia Grzegorz Zwoliński - Studio PLAN Anna Dębska ; teksty Studio PLAN Anna Dębska, Dariusz Wojciechowski.</subfield></datafield><datafield ind1=' ' ind2=' ' tag='250'><subfield code='a'>Wydanie I - 2020/2021.</subfield></datafield><datafield ind1=' ' ind2=' ' tag='255'><subfield code='a'>Skala 1:25 000.</subfield></datafield><datafield ind1=' ' ind2=' ' tag='260'><subfield code='a'>Wrocław :</subfield><subfield code='b'>Studio Plan,</subfield><subfield code='c'>2020.</subfield></datafield><datafield ind1=' ' ind2=' ' tag='300'><subfield code='a'>1 mapa :</subfield><subfield code='b'>wielobarwna ;</subfield><subfield code='c'>92x67 cm, arkusz 98x68 cm, złożona 24x13 cm.</subfield></datafield><datafield ind1=' ' ind2=' ' tag='336'><subfield code='a'>Mapa 2D</subfield><subfield code='b'>cri</subfield><subfield code='2'>rdacontent</subfield></datafield><datafield ind1=' ' ind2=' ' tag='337'><subfield code='a'>Bez urządzenia pośredniczącego</subfield><subfield code='b'>n</subfield><subfield code='2'>rdamedia</subfield></datafield><datafield ind1=' ' ind2=' ' tag='338'><subfield code='a'>Arkusz</subfield><subfield code='b'>nb</subfield><subfield code='2'>rdacarrier</subfield></datafield><datafield ind1=' ' ind2=' ' tag='380'><subfield code='a'>Mapy</subfield></datafield><datafield ind1='1' ind2=' ' tag='388'><subfield code='a'>2001-</subfield></datafield><datafield ind1='1' ind2=' ' tag='490'><subfield code='a'>Galileos : mapa z przewodnikiem</subfield></datafield><datafield ind1=' ' ind2=' ' tag='500'><subfield code='a'>Tytuł panelowy.</subfield></datafield><datafield ind1=' ' ind2=' ' tag='500'><subfield code='a'>Rzeźba terenu: poziomice, punkty wysokości, sygnatury skał i gołoborzy.</subfield></datafield><datafield ind1=' ' ind2=' ' tag='500'><subfield code='a'>Mapa aktualizowana w terenie.</subfield></datafield><datafield ind1=' ' ind2=' ' tag='500'><subfield code='a'>Mapa poboczna: Bardo, 1:10 000, 17x18 cm.</subfield></datafield><datafield ind1=' ' ind2=' ' tag='500'><subfield code='a'>Numer katalogowy 02-20-394.</subfield></datafield><datafield ind1=' ' ind2=' ' tag='500'><subfield code='a'>Verso: tekst informacyjny z fotografiami.</subfield></datafield><datafield ind1=' ' ind2='7' tag='648'><subfield code='a'>2001-</subfield><subfield code='2'>DBN</subfield></datafield><datafield ind1=' ' ind2='7' tag='650'><subfield code='a'>Turystyka górska</subfield><subfield code='2'>DBN</subfield></datafield><datafield ind1=' ' ind2='7' tag='651'><subfield code='a'>Góry Bardzkie</subfield><subfield code='2'>DBN</subfield></datafield><datafield ind1=' ' ind2='7' tag='655'><subfield code='a'>Mapa turystyczna</subfield><subfield code='2'>DBN</subfield></datafield><datafield ind1=' ' ind2=' ' tag='658'><subfield code='a'>Podróże i turystyka</subfield></datafield><datafield ind1=' ' ind2=' ' tag='658'><subfield code='a'>Geografia i nauki o Ziemi</subfield></datafield><datafield ind1='1' ind2=' ' tag='700'><subfield code='a'>Wojciechowski, Dariusz</subfield><subfield code='e'>Tekst</subfield></datafield><datafield ind1='1' ind2=' ' tag='700'><subfield code='a'>Zwoliński, Grzegorz</subfield><subfield code='c'>(kartograf)</subfield><subfield code='e'>Opracowanie</subfield></datafield><datafield ind1='2' ind2=' ' tag='710'><subfield code='a'>Studio Plan</subfield><subfield code='e'>Redakcja</subfield><subfield code='e'>Wydawca</subfield><subfield code='4'>pbl</subfield></datafield><datafield ind1=' ' ind2='0' tag='830'><subfield code='a'>Galileos</subfield></datafield><datafield ind1=' ' ind2=' ' tag='852'><subfield code='8'>22648376840005066</subfield><subfield code='j'>1</subfield><subfield code='h'>ZZK 52 694</subfield><subfield code='b'>BN_PL</subfield><subfield code='p'>888a1116379</subfield><subfield code='c'>bkart</subfield></datafield><datafield ind1=' ' ind2=' ' tag='852'><subfield code='8'>22648376880005066</subfield><subfield code='j'>1</subfield><subfield code='h'>ZZK 52 693 A</subfield><subfield code='b'>BN_PL</subfield><subfield code='p'>888a1116376</subfield><subfield code='c'>bkarta</subfield></datafield><datafield ind1=' ' ind2=' ' tag='852'><subfield code='b'>48OMNIS_NLOP</subfield><subfield code='8'>991052751808305066</subfield></datafield><datafield ind1=' ' ind2=' ' tag='852'><subfield code='b'>48OMNIS_NETWORK</subfield><subfield code='8'>9911572737205606</subfield></datafield><datafield ind1=' ' ind2=' ' tag='920'><subfield code='a'>978-83-66493-16-2</subfield></datafield></record>
  </collection>
</resp>
